MDQL
is popping MORE tags! Check the
thread
!
Quizzes
Events
Quiz Creation
Community
Videos
Private Events
Remove Ads
Sign In
Join for FREE
Feedback
Dark Mode
Quiz Categories
Sports
Geography
Music
Movies
Television
Just For Fun
Miscellaneous
History
Literature
Language
Science
Gaming
Entertainment
Religion
Holiday
For Kids
Quiz Lab
Recent
Popular Today
Quiz Kudos Today
Editor Picks
Curator Picks
Quizzes by...
Day
Popularity
Type
Ratings
Length
Year
Community
Subscriptions
Recent Discussions
Orange Saloon
Badges
Playlists
Quests
Create
Leaderboards
Showdown
Live 5
Trivia Bingo
Activity
Puzzle Library
Sporcle Events
Private Events
Virtual Trivia
Globe League
Become a Host
Pub Owners
SporcleCon
Opinionation
Our Games
Videos
Blog
Mobile Apps
Partnerships
Remove Ads and Go Orange
Feedback
Movies
Disney
Marvel Cinematic Universe
Movie Resume
Movie Titles
Oscar
Actor
Actress
Director
Pixar
Role
Movie Quotes
Movie Characters
Box Office
Nominee
Best Picture
Star Wars
James Bond
Horror Movies
Movies
Disney
Marvel Cinematic Universe
Movie Resume
Movie Titles
Oscar
Actor
Actress
Director
Pixar
Role
Movie Quotes
Movie Characters
Box Office
Nominee
Best Picture
Star Wars
James Bond
Horror Movies
Random Quiz
Search Sporcle
×
Quiz Lab
Quiz Lab
Movies
Musical
Type in answers that appear in a list
Type in answers that appear in a list
Classic
Best Score? Go Orange.
Golden Globe Actress (Comedy/Musical) Stats
Can you name the people who have one the award for Best Actress in a Comedy/Musical?
By
commiesmasher
15m
76 Questions
554 Plays
554 Plays
554 Plays
Comments
Comments
Give Quiz Kudos
Give Quiz Kudos
-
- Ratings
hide this ad
Replay
Link that replays current quiz
Next Quiz
Link to next quiz in quiz playlist
You Got
0%
They Got
Avg Score
61%
Avg Friend Score
Upgrade to see
Score Distribution
Jump to the score distribution portion of the page
Score
0/76
Timer
15:00
0
Plays Today
Year
Actress
% Correct
2006
Meryl Streep
98%
2009
Meryl Streep
98%
2015
Jennifer Lawrence
97.8%
2012
Jennifer Lawrence
96.5%
1995
Nicole Kidman
95.8%
1998
Gwyneth Paltrow
95.8%
2001
Nicole Kidman
95.8%
1977 (tie)
Diane Keaton
95.7%
2003
Diane Keaton
95.7%
2014
Amy Adams
95.6%
2016
Emma Stone
95%
1964
Julie Andrews
94.8%
1965
Julie Andrews
94.8%
1982
Julie Andrews
94.8%
2013
Amy Adams
94.8%
2005
Reese Witherspoon
94.2%
1987
Cher
94%
1997
Helen Hunt
93.9%
1990
Julia Roberts
93.5%
1996
Madonna
92.1%
1972
Liza Minnelli
91.3%
1968
Barbra Streisand
91.2%
1976
Barbra Streisand
91.2%
2000
Rennee Zellweger
91.2%
2002
Rennee Zellweger
91.2%
2007
Marion Cotillard
90.8%
2011
Michelle Williams
90.6%
2004
Annette Bening
90.3%
1989
Jessica Tandy
89.4%
1980
Sissy Spacek
88.6%
1986
Sissy Spacek
88.6%
2018
Olivia Colman
87.5%
2017
Saoirse Ronan
86.6%
1959
Marilyn Monroe
86.5%
2022
Michelle Yeoh
85.7%
2010
Annette Bening
84.3%
1993
Angela Bassett
82.5%
1954
Judy Garland
80.5%
Year
Actress
% Correct
1988
Melanie Griffith
79.6%
1979
Bette Midler
78.9%
1991
Bette Midler
78.9%
1960
Shirley MacLaine
78.2%
1963
Shirley MacLaine
78.2%
1967
Anne Bancroft
78.2%
1977 (tie)
Maggie Smith
74.7%
1994
Jamie Lee Curtis
74.7%
2020
Rosamund Pike
74.1%
1984
Kathleen Turner
71.7%
1985
Kathleen Turner
71.7%
2008
Sally Hawkins
63%
1973
Glenda Jackson
62.8%
1956
Deborah Kerr
61.7%
2019
Awkwafina
60.5%
1999
Janet McTeer
57.8%
2021
Rachel Zegler
57.1%
1950
Judy Holliday
55.2%
1983
Julie Walters
54.7%
1966
Lynn Redgrave
50.5%
1958
Rosalind Russell
50%
1961
Rosalind Russell
50%
1962
Rosalind Russell
50%
1978 (tie)
Marsha Mason
50%
1975
Ann-Margret
45.5%
1978 (tie)
Ellen Burstyn
42.6%
1992
Miranda Richardson
40.3%
1981
Bernadette Peters
37.5%
1974
Raquel Welch
26%
1952
Susan Hayward
25.3%
1970
Carrie Snodgress
24.4%
1971
Twiggy
23.6%
1953
Ethel Merman
21.8%
1955
Jean Simmons
21.3%
1969
Patty Duke
13.9%
1957 (tie)
Taina Elg
9.9%
1957 (tie)
Kay Kendall
9.6%
1951
June Allyson
7.2%
Quiz Playlist
Details
Report
Send in Message
Add To Playlist
Classic:
Type in answers that appear in a list
Last Updated: Jan 15, 2023
Quiz Scoreboard
CHALLENGE
Sign Up to Join the Scoreboard
Show All
Scores
Hide
Comments
May contain spoilers
Recently Published
Two Season TV Shows II
by 123Four
Television
10m
Image Sorting: Flags VI
by Barbecue
Geography
2m
Find the 'City' Movie
by crazypaving
Movies
60s
More to Explore
Quiz From the Vault
Featured Blog Post
14 Easter Pick-up Lines to Find Eggs With
hide this ad
You Might Also Like...
Tags
Actress Quiz
Musical Quiz
Actress Comedy
Comedy
globe
gold
Golden Globes
Today's Top Quizzes in Movies
Browse Movies
hide this ad
Today's Top Quizzes in Musical
Browse Musical
Top Contributed Quizzes in Movies
1
The ultimate James Bond movie quiz
2
Find The 'Big' Movie
3
Find The 'Wild' Movie
4
Find The 'Blue' Movie
5
Movies By Plot
6
Hidden Star Wars Character II
7
Hidden Star Wars Character III
8
25 Best Actor Nominees (1990s)
9
Hidden Star Wars Character IV
10
Pick 5 Posters: Directed by Spielberg
Explore More
Trending Topics
Anime
NBA
Disney
Marvel
Crossword
Kpop
Harry Potter
Pokémon
WWE
The Office
Puzzle
Country
Soccer
NFL
Song
hide this ad
More By:
commiesmasher
Quiz
Plays
Rating
Category
Featured
Created
NBA Teams' Last MVP
125,300
4.60
Sports
Feb 22, 2016
NFL Teams' Last MVP
92,097
4.52
Sports
Dec 29, 2015
NFL QB Playoff Wins (2010s)
61,783
4.73
Sports
Aug 19, 2015
NFL Playoff Coaches (2010s)
25,070
4.73
Sports
Jan 13, 2018
State Quiz: New Jersey
11,551
4.39
Geography
Mar 20, 2010
Go to Creator's Profile
Score Distribution
Quiz Creator Spotlight
commiesmasher
Follow
Send a Message
Quizzes Created
-
Created Quiz Play Count
-
More By This Creator
Popular Quizzes Today
1
Find the US States - No Outlines Minefield
2
Colored Red Africa Blitz
3
Find the 'City' Movie
4
5x2 Blitz: Bands
5
The Countries of the World
6
Find the Countries of Europe - No Outlines Minefield
7
Find the US States
8
US States
More Movies Quizzes
'Man' of the Movies
Curator's Pick
Trending Quizzes
Colored Red Europe Blitz I
Colored Red Africa Blitz II
Colored Red Europe Blitz II
Colored Red Africa Blitz III
Even More Two Season TV Shows
Recently Updated
March Madness Men's Triple Doubles
pecheneg
How Do You Spell That?
pecheneg
Godzilla Movies
pecheneg
Grab Bag: 4-10 Letters
pecheneg
2024 March Madness Bracket
pecheneg
Famous TV Couples
Peacemaker
Champions League XIs: Real Madrid
pecheneg
Largest US Cities 1790-2010
pecheneg
Rides in Walt Disney World
pecheneg
Most Oscar Losses (Acting)
pecheneg
Trending Topics
Anime
Kpop
Crossword
Harry Potter
Disney
NBA
Marvel
NFL
Song
Puzzle
Soccer
Country
WWE
Pokémon
The Office
Your Account Isn't Verified!
In order to create a playlist on Sporcle, you need to verify the email address you used during registration. Go to your
Sporcle Settings
to finish the process.
Report this User
Report this user for behavior that violates our
Community Guidelines
.
Details:
Send Report
Go to the Sporcle.com Mobile Site →
Comments